000 00415nam a2200145Ii 4500
003 JO-AjNU
008 230605s9999||||xx |||||||||||||| ||und||
020 _a977-7075-09-X
040 _aJO-AjNU
_bara
_erda
_cJO-AjNU
041 _aara
245 0 0 _aمخرج بموجب مستند اخراجات رقم 56
336 _atext
_btxt
_2rdacontent
337 _aunmediated
_bn
_2rdamedia
338 _avolume
_bnc
_2rdacarrier
999 _aA1937
_c5505
_d5505